书目信息 |
| 题名: |
电子光学
|
|
| 作者: | A.卢斯特霍兹 著 ;陈俊美 译 | |
| 分册: | ||
| 出版信息: | 北京 人民教育出版社 1962 |
|
| 页数: | 268页 | |
| 开本: | 19cm | |
| 丛书名: | ||
| 单 册: | ||
| 中图分类: | O43 | |
| 科图分类: | ||
| 主题词: | 光学 | |
| 电子资源: | ||
| ISBN: | ||
| 000 | 00585nam0 2200205 450 | |
| 001 | 0639808234 | |
| 005 | 20061120110553.50 | |
| 010 | @dCNY0.85 | |
| 100 | @a20061120d1962 km y0chiy0120 ea | |
| 101 | 0 | @achi |
| 102 | @aCN@b110000 | |
| 200 | 1 | @a电子光学@Adian zi guang xue@fA.卢斯特霍兹著@FA.lu si te huo zi zhu@g陈俊美译@Gchen jun mei yi |
| 210 | @a北京@c人民教育出版社@d1962 | |
| 215 | @a268页@d19cm | |
| 606 | 0 | @a光学 |
| 690 | @aO43@v3 | |
| 701 | 0 | @aA.卢斯特霍兹@AA.lu si te huo zi@4著 |
| 702 | 0 | @a陈俊美@Achen jun mei@4译 |
| 801 | 0 | @aCN@bPFT@c20061120 |
| 905 | @a10447@dO43@e1 | |
| 电子光学/A.卢斯特霍兹著/陈俊美译.-北京:人民教育出版社,1962 |
| 268页;19cm |
| ISBN :CNY0.85 |
| ● |
| 相关链接 |
|
|
|
|
正题名:电子光学
索取号:O43/1
 
预约/预借
| 序号 | 登录号 | 条形码 | 馆藏地/架位号 | 状态 | 备注 |
| 1 | 0016513 | 001462278 | 第二样本阅览室/ [索取号:O43/1] | 在馆 |